[Event "Almansa op-B"]
[Site "Almansa"]
[Date "2014.08.07"]
[Round "4"]
[White "Alvarez Morales, Miguel"]
[Black "Aliane Diez, Aaron"]
[Result "1-0"]
[WhiteElo "1979"]
[BlackElo "1804"]
[PlyCount "85"]
[EventDate "2014.08.05"]
[EventType "swiss"]
[EventRounds "9"]
[EventCountry "ESP"]
[SourceTitle "EXT 2019"]
[Source "ChessBase"]
[SourceDate "2018.10.10"]
[SourceVersion "1"]
[SourceVersionDate "2018.10.10"]
[SourceQuality "1"]

1. c4 e6 2. Nf3 Nf6 3. Nc3 d5 4. d4 Be7 5. e3 0-0 6. Bd3 b6 7. cxd5 exd5 8. Ne5 Bb7 9. 0-0 Nbd7 10. f4 Ne4 11. g4 Bd6 12. g5 f6 13. Bxe4 dxe4 14. Qb3+ Kh8 15. Nf7+ Rxf7 16. Qxf7 fxg5 17. Qf5 gxf4 18. exf4 Nf6 19. Be3 Bc8 20. Qg5 Qe8 21. f5 Be7 22. Qg2 Ba6 23. Rfe1 Bd6 24. Kh1 Qh5 25. Rg1 Rg8 26. Bg5 Ng4 27. h4 Nh6 28. f6 g6 29. f7 Nxf7 30. Bf6+ Rg7 31. Qg4 Qh6 32. Nxe4 Bb7 33. Rae1 Qd2 34. Re2 Qd3 35. Kg2 Nh6 36. Qf3 Qb5 37. Bxg7+ Kxg7 38. Qf6+ Kg8 39. Rge1 Bb4 40. Qd8+ Kg7 41. Qxc7+ Nf7 42. Qxb7 Bxe1 43. Qxf7+ 1-0

[Event "Almansa op-B"]
[Site "Almansa"]
[Date "2014.08.05"]
[Round "1"]
[White "Donadio Falcon, Pablo"]
[Black "Alvarez Morales, Miguel"]
[Result "0-1"]
[WhiteElo "1628"]
[BlackElo "1979"]
[PlyCount "94"]
[EventDate "2014.08.05"]
[EventType "swiss"]
[EventRounds "9"]
[EventCountry "ESP"]
[SourceTitle "EXT 2019"]
[Source "ChessBase"]
[SourceDate "2018.10.10"]
[SourceVersion "1"]
[SourceVersionDate "2018.10.10"]
[SourceQuality "1"]

1. e4 g6 2. d4 Bg7 3. Nc3 c6 4. Be3 d5 5. Nf3 Bg4 6. exd5 cxd5 7. Bb5+ Nc6 8. 0-0 Nf6 9. h3 Bd7 10. Qd2 Qb6 11. Bd3 Nb4 12. Ne5 Nxd3 13. Qxd3 Bf5 14. Qb5+ Qxb5 15. Nxb5 0-0 16. f3 a6 17. Na3 Rfc8 18. c3 Nd7 19. Nxd7 Bxd7 20. Nc2 e6 21. Rfc1 a5 22. Ne1 b6 23. Bf4 f6 24. Rd1 a4 25. a3 Bb5 26. Be3 Bc4 27. Nd3 Bf8 28. Nb4 Kf7 29. Kf2 Bd6 30. Rd2 g5 31. g3 h5 32. h4 Rh8 33. hxg5 Rag8 34. f4 h4 35. Rg1 fxg5 36. fxg5 Bxg3+ 37. Rxg3 hxg3+ 38. Kxg3 Kg6 39. Nc6 Kf5 40. Ne7+ Ke4 41. Bf4 Rh7 42. Nc6 Rgh8 43. Be5 Rh3+ 44. Kg2 R8h5 45. g6 R3h4 46. g7 Rg4+ 47. Bg3 Rhg5 0-1

[Event "ESP-ch 78th"]
[Site "Linares"]
[Date "2013.09.05"]
[Round "8"]
[White "Alvarez Morales, Miguel"]
[Black "De Prado Rodriguez, Oscar Bruno"]
[Result "0-1"]
[WhiteElo "1983"]
[BlackElo "2251"]
[PlyCount "137"]
[EventDate "2013.08.29"]
[EventType "swiss"]
[EventRounds "9"]
[EventCountry "ESP"]
[SourceTitle "CBM 156 Extra"]
[Source "ChessBase"]
[SourceDate "2013.10.22"]
[SourceVersion "1"]
[SourceVersionDate "2013.10.22"]
[SourceQuality "1"]

1. Nf3 f5 2. e4 fxe4 3. Ng5 Nc6 4. d3 e3 5. Bxe3 e5 6. c4 Be7 7. h4 Nf6 8. Nc3 h6 9. Nge4 0-0 10. Nxf6+ Bxf6 11. Qh5 Qe8 12. Qxe8 Rxe8 13. Nd5 Bd8 14. Be2 d6 15. 0-0-0 Be6 16. Bf3 Rb8 17. g4 Rf8 18. Be2 Bxd5 19. cxd5 Nb4 20. g5 hxg5 21. hxg5 Nxd5 22. Bg4 Kf7 23. g6+ Kxg6 24. Bh5+ Kf5 25. Rhg1 Nxe3 26. fxe3 Bg5 27. Kd2 g6 28. Be2 Be7 29. Rdf1+ Ke6 30. Rxg6+ Rf6 31. Rg7 Rxf1 32. Bxf1 Rh8 33. Rg3 Rh2+ 34. Rg2 Rh1 35. Be2 d5 36. Bf3 Rb1 37. Kc2 Re1 38. Re2 Rf1 39. Bg2 Rg1 40. e4 d4 41. Bh3+ Kd6 42. Rg2 Rh1 43. Rg6+ Kc5 44. Bc8 b5 45. Ra6 Rh2+ 46. Kb3 Rd2 47. Bd7 Rxd3+ 48. Kc2 Rg3 49. Rc6+ Kb4 50. a3+ Ka5 51. b4+ Bxb4 52. axb4+ Kxb4 53. Rxc7 Rc3+ 54. Rxc3 dxc3 55. Be6 a5 56. Bd5 Ka3 57. Kxc3 b4+ 58. Kc2 a4 59. Kd3 Kb2 60. Kc4 Ka3 61. Be6 b3 62. Kc3 Ka2 63. Bd5 Ka3 64. Bf7 Ka2 65. Bc4 Ka3 66. Bb5 b2 67. Bd3 Ka2 68. Bc4+ Ka1 69. Bf1 0-1

[Event "ESP-ch 78th"]
[Site "Linares"]
[Date "2013.09.01"]
[Round "4"]
[White "Vega Gutierrez, Belinda Vidina"]
[Black "Alvarez Morales, Miguel"]
[Result "1-0"]
[WhiteElo "2148"]
[BlackElo "1983"]
[PlyCount "62"]
[EventDate "2013.08.29"]
[EventType "swiss"]
[EventRounds "9"]
[EventCountry "ESP"]
[SourceTitle "CBM 156 Extra"]
[Source "ChessBase"]
[SourceDate "2013.10.22"]
[SourceVersion "1"]
[SourceVersionDate "2013.10.22"]
[SourceQuality "1"]

1. e4 e6 2. d4 d5 3. e5 c5 4. Qg4 Nc6 5. Nf3 cxd4 6. Bd3 Nge7 7. 0-0 Ng6 8. Qg3 Qc7 9. Re1 Bb4 10. c3 dxc3 11. bxc3 Be7 12. h4 Bf8 13. h5 Nge7 14. Ba3 Nf5 15. Bxf5 exf5 16. Bd6 Qa5 17. Nbd2 Qa4 18. Nd4 Nxd4 19. cxd4 Qxd4 20. Nb3 Qg4 21. Qd3 Qc4 22. Qd2 Be6 23. Rac1 Qb5 24. Nd4 Qa4 25. Rc7 Bxd6 26. exd6 0-0 27. Nxe6 fxe6 28. Rxe6 Rae8 29. Rxe8 Qxe8 30. Qxd5+ Kh8 31. Qd1 Qd8 1-0